Ekonomická diferenciácia poľnohospodárskych podnikov
Cieľom príspevku je prostredníctvom vybranej skupiny finančných ukazovateľov a ich vyhodnotením metódou viackriteriálneho hodnotenia posúdiť ekonomickú diferenciáciu poľnohospodárskych podnikov na Slovensku. Úspešnosť podnikov v závislosti od kvality vonkajších podmienok, od právnej formy, resp. veľ...
Guardado en:
| Autor principal: | |
|---|---|
| Otros Autores: | |
| Formato: | Capítulo de libro |
| Lenguaje: | eslovaco |
| Materias: | |
| Etiquetas: |
Sin Etiquetas, Sea el primero en etiquetar este registro!
|
MARC
| LEADER | 00000naa a2200000 4500 | ||
|---|---|---|---|
| 001 | r046771 | ||
| 005 | 20230929065005.8 | ||
| 041 | 0 | |a slo | |
| 044 | |a SK | ||
| 245 | 1 | 0 | |a Ekonomická diferenciácia poľnohospodárskych podnikov |c Peter Bielik, Veronika Jančíková |
| 520 | |a Cieľom príspevku je prostredníctvom vybranej skupiny finančných ukazovateľov a ich vyhodnotením metódou viackriteriálneho hodnotenia posúdiť ekonomickú diferenciáciu poľnohospodárskych podnikov na Slovensku. Úspešnosť podnikov v závislosti od kvality vonkajších podmienok, od právnej formy, resp. veľkosti podniku. | ||
| 610 | 2 | 0 | |a poľnohospodárstvo |
| 610 | 2 | 0 | |a podnik |
| 610 | 2 | 0 | |a porovnanie medzipodnikové |
| 610 | 2 | 0 | |a rentabilita |
| 610 | 2 | 0 | |a veľkosť podnikov |
| 610 | 2 | 0 | |a diferenciácia |
| 100 | 1 | |a Bielik, Peter | |
| 700 | 1 | |a Jančíková, Veronika | |